<?xml version="1.0" encoding="UTF-8"?>
<record
    xmlns:xsi="http://www.w3.org/2001/XMLSchema-instance"
    xsi:schemaLocation="http://www.loc.gov/MARC21/slim http://www.loc.gov/standards/marcxml/schema/MARC21slim.xsd"
    xmlns="http://www.loc.gov/MARC21/slim">

  <leader>01510nam a2200217 a 4500</leader>
  <controlfield tag="008">200311s1983    a  ||||gr|||| 000 0 spa d</controlfield>
  <datafield tag="020" ind1=" " ind2=" ">
    <subfield code="a">9586020169</subfield>
  </datafield>
  <datafield tag="041" ind1=" " ind2=" ">
    <subfield code="a">spa</subfield>
  </datafield>
  <datafield tag="092" ind1=" " ind2=" ">
    <subfield code="c">808</subfield>
    <subfield code="l">54</subfield>
    <subfield code="s">MUR</subfield>
  </datafield>
  <datafield tag="100" ind1="1" ind2=" ">
    <subfield code="a">Murphy, Paul.</subfield>
    <subfield code="9">3938</subfield>
  </datafield>
  <datafield tag="245" ind1="3" ind2=" ">
    <subfield code="a">La papisa /</subfield>
    <subfield code="c">Paul Murphy.</subfield>
  </datafield>
  <datafield tag="250" ind1=" " ind2=" ">
    <subfield code="a">3a ed.</subfield>
    <subfield code="b">Traducci&#xF3;n Adolfo Mart&#xED;n.</subfield>
  </datafield>
  <datafield tag="260" ind1=" " ind2=" ">
    <subfield code="a">Buenos Aires:</subfield>
    <subfield code="b">Plaza &amp; Janes;</subfield>
    <subfield code="c">1983.</subfield>
  </datafield>
  <datafield tag="300" ind1=" " ind2=" ">
    <subfield code="a">367 p.</subfield>
  </datafield>
  <datafield tag="500" ind1=" " ind2=" ">
    <subfield code="a">Murphy, P. y Arlington, R. R. (1983). La papisa. (3a ed.). Buenos Aires : Plaza &amp; Janes. </subfield>
  </datafield>
  <datafield tag="505" ind1=" " ind2=" ">
    <subfield code="a">A los ochenta y siete a&#xF1;os sigue siendo tal como la vi en su edad madura..., asombrosamente menuda y ang&#xE9;lica, aunque tambi&#xE9;n de una vitalidad sorprendente y apasionante. Ahora, igual que entonces, parece ser una generaci&#xF3;n posterior a la suya, una mujer con luminosos ojos de un gris azulado, y fresca tez de tinte ruboroso. -&#xA1;Deje de mirar y tome asiento, por Dios! - exclama, intentando su imagen de Madre Superiora. Pero esta severidad reviste apenas su vanidad y se pierde en una tierna sonrisa. Ella sabe que t&#xFA; has hecho un largo viaje a Roma con una finalidad muy concreta, y pertenece lo suficiente a la vieja escuela -disciplinada y directa- para no desperdiciar el tiempo, ni el tuyo ni el suyo. -Quiz&#xE1; quiera usted conversar un rato, &#xBF;verdad? pregunta Sor Pascualina tras un breve intercambio de cumplidos.  </subfield>
  </datafield>
  <datafield tag="590" ind1=" " ind2=" ">
    <subfield code="a">Proyecto 4to libro. Donaci&#xF3;n Pardo Paula. Marzo 2020.</subfield>
  </datafield>
  <datafield tag="655" ind1=" " ind2=" ">
    <subfield code="a">Literatura</subfield>
    <subfield code="9">2917</subfield>
  </datafield>
  <datafield tag="700" ind1="1" ind2=" ">
    <subfield code="a">Arlington, R. Ren&#xE9;</subfield>
    <subfield code="9">3939</subfield>
  </datafield>
  <datafield tag="942" ind1=" " ind2=" ">
    <subfield code="2">ddc</subfield>
    <subfield code="c">LIT</subfield>
  </datafield>
  <datafield tag="999" ind1=" " ind2=" ">
    <subfield code="c">3089</subfield>
    <subfield code="d">3089</subfield>
  </datafield>
  <datafield tag="952" ind1=" " ind2=" ">
    <subfield code="0">0</subfield>
    <subfield code="1">0</subfield>
    <subfield code="2">ddc</subfield>
    <subfield code="4">0</subfield>
    <subfield code="7">0</subfield>
    <subfield code="a">BFM</subfield>
    <subfield code="b">BFM</subfield>
    <subfield code="c">CR</subfield>
    <subfield code="d">2020-03-11</subfield>
    <subfield code="e">Donaci&#xF3;n Pardo, Paula. marzo 2020</subfield>
    <subfield code="l">0</subfield>
    <subfield code="o">808 54 MUR</subfield>
    <subfield code="p">4640</subfield>
    <subfield code="r">2020-03-11</subfield>
    <subfield code="t">Ej. 1</subfield>
    <subfield code="w">2020-03-11</subfield>
    <subfield code="y">LIT</subfield>
    <subfield code="z">Proyecto 4to libro. Donaci&#xF3;n Pardo, Paula. marzo 2020</subfield>
  </datafield>
</record>
